| 000 | 00564nam a22002297a 4500 | ||
|---|---|---|---|
| 005 | 20190617092806.0 | ||
| 008 | 180315b xxu||||| |||| 00| 0 spa d | ||
| 020 | _a9789968483650 | ||
| 041 | _aspa | ||
| 082 | _aCR 863.44 R875i | ||
| 100 |
_aRovinski, Yanina _946236 |
||
| 245 | _aUna montaña de aserrín | ||
| 260 | _aCosta Rica | ||
| 260 | _bEUNED | ||
| 260 | _c2018 | ||
| 300 | _a177 | ||
| 650 |
_aLITERATURA COSTARRICENSE _9424 |
||
| 650 |
_aCUENTOS COSTARRICENSE _946237 |
||
| 650 |
_aPOLONIA _946238 |
||
| 650 |
_aNACISMO _946239 |
||
| 942 | _cLIT | ||
| 999 |
_c10457 _d10457 |
||